Statistics for American TV and Movie Nicknames

Click here to take the quiz!

General Stats

  • This quiz has been taken 7,226 times
  • The average score is 11 of 22

Answer Stats

NameTV Show / MovieNickname% Correct
Arthur FonzarelliHappy DaysThe Fonz
93%
Douglas Howser______ Howser, M.D.Doogie
77%
Theodore CleaverLeave it to ______The Beaver
77%
Henry Walton
Jones
Raiders of the
Lost Ark
Indiana
71%
Francis HousemanDirty DancingBaby
68%
John PrestonSex and the CityMr. Big
63%
Samuel PowersSaved by the BellScreech
60%
Pete MitchellTop GunMaverick
57%
Jeff LebowskiThe Big
Lebowski
The Dude
55%
Walter O'ReillyM*A*S*HRadar
48%
Tom KazanskyTop GunIceman
46%
Reginald ForemanThat 70's ShowRed
45%
Frank RicardOld SchoolFrank the {Tank}
39%
John DorianScrubsJ.D.
36%
Noah PuckermanGleePuck
34%
Temperance Brennan______Bones
33%
Leopold StotchSouth ParkButters
33%
George Oscar
Bluth, Jr.
Arrested
Development
Gob
29%
Sgt. Donny
Donowitz
Inglourious
Basterds
The {Bear} Jew
28%
Ronald McDonaldIt's Always Sunny
in Philadelphia
Mac
22%
Hugo ReyesLostHurley
21%
Johnny ChaseEntourageDrama
14%

Score Distribution

Percentile by Number Answered

Percent of People with Each Score

Your Score History

You have not taken this quiz